KOHA-Header-6

Hacking Exposed Network Security Secrets And Solutions (Record no. 7894)

000 -LEADER
fixed length control field 00286nam a2200109Ia 4500
100 ## - MAIN ENTRY--AUTHOR NAME
Personal name Scambray, Kurtz
245 #0 - TITLE STATEMENT
Title Hacking Exposed Network Security Secrets And Solutions
260 ## - PUBLICATION, DISTRIBUTION, ETC. (IMPRINT)
Place of publication India
Name of publisher Addison
Year of publication 2001
300 ## - PHYSICAL DESCRIPTION
Number of Pages 742
942 ## - ADDED ENTRY ELEMENTS (KOHA)
Koha item type Books
Holdings
Withdrawn status Lost status Collection code Permanent Location Current Location Shelving location Date acquired Full call number Accession Number Koha item type
    Computer Networking MAJU MAJU   2019-09-12 005.2 2195 Computer Networking

Powered by Koha